000 00683nam a2200241Ia 4500
003 OSt
005 20220918201820.0
006 a|||||r|||| 00| 0
007 ta
008 220917b |||||||| |||| 00| 0 eng d
024 _a96,675
037 _cTextual
040 _aARTS
_cARTS
_beng
041 _2eng
_aeng
082 _aV2:1:K7, H7
100 _aKhan Saqi Must'ad
_9100835
245 0 _aMaasir-i-Alamgiri
_b a history of the emperor Aurangzib-Alamgir (reign 16 1698-1707 AD) tr by Jadu-Nath Sarkar
260 _c1947
490 _aBibliotheca Indica
650 _aHISTORY
942 _hV2:1:K7, H7
_cTEXL
_2CC
999 _c220279
_d220279